[Event "La Pobla de Lillet op"]
[Site "La Pobla de Lillet ESP"]
[Date "2009.08.04"]
[Round "3.1"]
[White "Movsziszian, K."]
[Black "Ayza Ballester, J."]
[Result "1-0"]
[WhiteElo "2570"]
[BlackElo "2294"]
[PlyCount "37"]
[EventDate "2009.08.02"]
[EventType "swiss"]
[EventRounds "9"]
[EventCountry "ESP"]
[SourceTitle "Ajedrez en Madrid"]
[Source "lmi"]
[SourceDate "2020.06.24"]
[SourceVersion "1"]
[SourceVersionDate "2020.06.25"]
[SourceQuality "1"]

1. g3 c5 2. Bg2 Nc6 3. d3 g6 4. f4 Bg7 5. Nf3 d6 6. c3 e5 7. Na3 Nge7 8. fxe5
Nxe5 9. Nxe5 dxe5 10. Be3 Qa5 11. Nc4 Qc7 12. Qa4+ Bd7 13. Qa3 Rc8 14. Bxb7 Bc6
15. Bxc8 Bxh1 16. Bh3 O-O 17. Qxc5 Qd8 18. Qxa7 Nf5 19. Bf2 1-0

[Event "La Pobla de Lillet op"]
[Site "La Pobla de Lillet ESP"]
[Date "2009.08.04"]
[Round "3.2"]
[White "Tarrago Antoni, M."]
[Black "Cuartas Medina, JA."]
[Result "0-1"]
[WhiteElo "2255"]
[BlackElo "2521"]
[PlyCount "96"]
[EventDate "2009.08.02"]
[EventType "swiss"]
[EventRounds "9"]
[EventCountry "ESP"]
[SourceTitle "Ajedrez en Madrid"]
[Source "lmi"]
[SourceDate "2020.06.24"]
[SourceVersion "1"]
[SourceVersionDate "2020.06.25"]
[SourceQuality "1"]

1. Nf3 d5 2. c4 c6 3. g3 Nf6 4. Bg2 Bg4 5. Ne5 Be6 6. cxd5 Bxd5 7. O-O Bxg2 8.
Kxg2 Nbd7 9. Nxd7 Qxd7 10. Nc3 h5 11. h4 e6 12. d3 Bd6 13. Ne4 Nxe4 14. dxe4
Be5 15. Qb3 c5 16. f4 Bd4 17. Be3 Bxe3 18. Qxe3 b6 19. Rad1 Qc6 20. Qf3 Rd8 21.
Rd3 Rxd3 22. exd3 g6 23. f5 gxf5 24. exf5 Qxf3+ 25. Kxf3 Ke7 26. fxe6 fxe6 27.
Rg1 Rd8 28. Ke3 Rd4 29. Rf1 Rg4 30. Kf3 a5 31. Re1 Rd4 32. Ke3 Rb4 33. b3 Kd6
34. Rc1 b5 35. Rf1 Rg4 36. Kf3 a4 37. bxa4 Rxa4 38. Rb1 Kc6 39. Rb2 Rd4 40. Ke3
Rg4 41. Kf3 b4 42. Re2 Kd5 43. Rc2 e5 44. Rc4 Rxc4 45. dxc4+ Kd4 46. g4 e4+ 47.
Kf2 hxg4 48. h5 Ke5 0-1

[Event "La Pobla de Lillet op"]
[Site "La Pobla de Lillet ESP"]
[Date "2009.08.04"]
[Round "3.3"]
[White "Barsov, A."]
[Black "Pascual Genoves, M."]
[Result "1-0"]
[WhiteElo "2511"]
[BlackElo "2227"]
[PlyCount "61"]
[EventDate "2009.08.02"]
[EventType "swiss"]
[EventRounds "9"]
[EventCountry "ESP"]
[SourceTitle "Ajedrez en Madrid"]
[Source "lmi"]
[SourceDate "2020.06.24"]
[SourceVersion "1"]
[SourceVersionDate "2020.06.25"]
[SourceQuality "1"]

1. d4 d6 2. Nf3 Bg4 3. e4 Nf6 4. Nc3 c6 5. d5 g6 6. Be2 Bg7 7. O-O O-O 8. a4
Nbd7 9. a5 cxd5 10. exd5 a6 11. Nd2 Bxe2 12. Qxe2 Rc8 13. Nc4 Qc7 14. Ra4 Rfe8
15. Rd1 Nc5 16. Rb4 Nfd7 17. Be3 Ne5 18. Nb6 Rb8 19. Ne4 Nxe4 20. Rxe4 Nd7 21.
Rc4 Qd8 22. c3 Bf6 23. h3 Ne5 24. Rb4 Nd7 25. Qg4 Ne5 26. Qe2 Nd7 27. Qc4 Nxb6
28. Bxb6 Qd7 29. Qc7 Red8 30. Qxd7 Rxd7 31. Rc4 1-0

[Event "La Pobla de Lillet op"]
[Site "La Pobla de Lillet ESP"]
[Date "2009.??.??"]
[Round "3.4"]
[White "Chalmeta Ugas, R."]
[Black "Martinez Duany, LS."]
[Result "0-1"]
[WhiteElo "2222"]
[BlackElo "2507"]
[PlyCount "54"]
[EventDate "2009.08.02"]
[EventType "swiss"]
[EventRounds "9"]
[EventCountry "ESP"]
[SourceTitle "Ajedrez en Madrid"]
[Source "lmi"]
[SourceDate "2020.06.24"]
[SourceVersion "1"]
[SourceVersionDate "2020.06.25"]
[SourceQuality "1"]

1. e4 g6 2. d4 Bg7 3. c4 c5 4. d5 d6 5. Nc3 Nf6 6. f3 O-O 7. Be3 a6 8. Qd2 Nbd7
9. O-O-O b5 10. Bh6 b4 11. Nce2 Bh8 12. Bxf8 Qxf8 13. g4 Nb6 14. Nf4 Qg7 15. h4
Nfd7 16. Rh2 h6 17. Qc2 a5 18. Nd3 Ba6 19. b3 a4 20. Nb2 axb3 21. axb3 Bb7 22.
Kb1 Ra3 23. Qd3 Ne5 24. Qc2 Qf8 25. Kc1 Ra2 26. Qb1 Qa8 27. Na4 Rxh2 0-1

[Event "La Pobla de Lillet op"]
[Site "La Pobla de Lillet ESP"]
[Date "2009.??.??"]
[Round "3.5"]
[White "Perez Campos, A."]
[Black "Granero Roca, A."]
[Result "0-1"]
[WhiteElo "2215"]
[BlackElo "2433"]
[PlyCount "100"]
[EventDate "2009.08.02"]
[EventType "swiss"]
[EventRounds "9"]
[EventCountry "ESP"]
[SourceTitle "Ajedrez en Madrid"]
[Source "lmi"]
[SourceDate "2020.06.24"]
[SourceVersion "1"]
[SourceVersionDate "2020.06.25"]
[SourceQuality "1"]

1. e4 c5 2. Nf3 Nc6 3. d4 cxd4 4. Nxd4 e6 5. c4 a6 6. Nc3 Qc7 7. Be3 Nf6 8. Be2
Bb4 9. f3 Bxc3+ 10. bxc3 d6 11. O-O O-O 12. Nb3 b6 13. Qe1 Nd7 14. Qg3 Nce5 15.
Bd4 f6 16. Nd2 Nf7 17. f4 e5 18. Be3 Kh8 19. f5 Nc5 20. Qh4 Qe7 21. Rf3 Ng5 22.
Rg3 h6 23. Qg4 Bb7 24. Bf3 Bc6 25. h4 Nh7 26. Re1 Rab8 27. Bd1 Rfd8 28. Bc2 Qf7
29. Qe2 b5 30. cxb5 axb5 31. Bxc5 dxc5 32. Nb3 c4 33. Nc5 Qa7 34. Qe3 Nf8 35.
a4 bxa4 36. Ra1 Rb5 37. Ne6 Qxe3+ 38. Rxe3 Nxe6 39. fxe6 Ra5 40. Bd1 Kg8 41.
Be2 Bb5 42. Bh5 Kf8 43. g4 Ke7 44. g5 hxg5 45. hxg5 Rd3 46. gxf6+ gxf6 47. Rxd3
cxd3 48. Bg4 a3 49. Kf2 Bc4 50. Ke3 a2 0-1

[Event "La Pobla de Lillet op"]
[Site "La Pobla de Lillet ESP"]
[Date "2009.??.??"]
[Round "3.6"]
[White "Guerra Bastida, D."]
[Black "Capellades Subirana, M."]
[Result "1-0"]
[WhiteElo "2419"]
[BlackElo "2210"]
[PlyCount "67"]
[EventDate "2009.08.02"]
[EventType "swiss"]
[EventRounds "9"]
[EventCountry "ESP"]
[SourceTitle "Ajedrez en Madrid"]
[Source "lmi"]
[SourceDate "2020.06.24"]
[SourceVersion "1"]
[SourceVersionDate "2020.06.25"]
[SourceQuality "1"]

1. e4 e5 2. Nf3 Nc6 3. Bb5 a6 4. Ba4 Bc5 5. c3 d6 6. d4 exd4 7. cxd4 Bb4+ 8.
Nc3 Bxc3+ 9. bxc3 Bd7 10. O-O Nge7 11. Re1 O-O 12. h3 Kh8 13. Bc2 f5 14. Bg5 h6
15. Bh4 f4 16. e5 Bf5 17. exd6 Qxd6 18. Bxe7 Nxe7 19. Ne5 Nc6 20. Bxf5 Rxf5 21.
Qg4 Qf6 22. Ng6+ Kh7 23. Nh4 Rg5 24. Qe6 Qxe6 25. Rxe6 Rf8 26. Nf3 Rg6 27. Re4
Rd6 28. a4 Na5 29. Re7 Rc6 30. Rc1 Nc4 31. d5 Rc5 32. Nd4 Rxd5 33. Rxc7 Rf6 34.
Rxc4 1-0

[Event "La Pobla de Lillet op"]
[Site "La Pobla de Lillet ESP"]
[Date "2009.??.??"]
[Round "3.7"]
[White "Molina Suau, F."]
[Black "Matnadze, A."]
[Result "0-1"]
[WhiteElo "2185"]
[BlackElo "2413"]
[PlyCount "62"]
[EventDate "2009.08.02"]
[EventType "swiss"]
[EventRounds "9"]
[EventCountry "ESP"]
[SourceTitle "Ajedrez en Madrid"]
[Source "lmi"]
[SourceDate "2020.06.24"]
[SourceVersion "1"]
[SourceVersionDate "2020.06.25"]
[SourceQuality "1"]

1. e4 c5 2. Nf3 d6 3. d4 cxd4 4. Nxd4 Nf6 5. Nc3 Nc6 6. Bc4 Bd7 7. O-O g6 8.
Nxc6 Bxc6 9. Qe2 Bg7 10. Bb5 O-O 11. Kh1 Qc7 12. Bxc6 Qxc6 13. f4 Rac8 14. Rf2
h5 15. h3 h4 16. Kh2 e6 17. Bd2 Nh5 18. Qg4 Qb6 19. Nd1 Bd4 20. Be1 Bxf2 21.
Bxf2 Qb4 22. Qf3 f5 23. c3 Qxe4 24. Qxe4 fxe4 25. Bxh4 Nxf4 26. Be7 Rf7 27.
Bxd6 Nd5 28. Kg1 e3 29. Rc1 b5 30. Rc2 Rd8 31. Bc5 e2 0-1

[Event "La Pobla de Lillet op"]
[Site "La Pobla de Lillet ESP"]
[Date "2009.??.??"]
[Round "3.8"]
[White "Oms Fuentes, L."]
[Black "Tejero Royo, F."]
[Result "1-0"]
[WhiteElo "2351"]
[BlackElo "2182"]
[PlyCount "89"]
[EventDate "2009.08.02"]
[EventType "swiss"]
[EventRounds "9"]
[EventCountry "ESP"]
[SourceTitle "Ajedrez en Madrid"]
[Source "lmi"]
[SourceDate "2020.06.24"]
[SourceVersion "1"]
[SourceVersionDate "2020.06.25"]
[SourceQuality "1"]

1. e4 e5 2. Nf3 Nc6 3. Bc4 Nf6 4. d3 Be7 5. O-O O-O 6. Re1 d6 7. c3 Na5 8. Bb5
a6 9. Ba4 b5 10. Bc2 c5 11. Nbd2 Nc6 12. Nf1 Re8 13. Ng3 Bf8 14. h3 g6 15. d4
cxd4 16. cxd4 Bb7 17. Be3 Bg7 18. d5 Nb4 19. Bb1 a5 20. Qe2 Qd7 21. a3 Na6 22.
Bd3 Nc7 23. b4 Nxe4 24. Nxe4 f5 25. Rad1 axb4 26. axb4 fxe4 27. Bxe4 Ra4 28.
Qd2 Rea8 29. Bb6 Ne8 30. Rc1 Ra2 31. Qg5 Bf6 32. Qg3 R8a3 33. h4 Kh8 34. Re3
Rxe3 35. fxe3 Qf7 36. Rd1 Rb2 37. Ba5 Rb3 38. Ng5 Bxg5 39. hxg5 Rc3 40. Rf1 Qg8
41. Qh3 Bc8 42. Qh6 Bf5 43. Bxf5 gxf5 44. Rxf5 Ng7 45. Rf6 1-0

[Event "La Pobla de Lillet op"]
[Site "La Pobla de Lillet ESP"]
[Date "2009.??.??"]
[Round "3.9"]
[White "Luke Brezmes, C."]
[Black "Guramishvili, S."]
[Result "0-1"]
[WhiteElo "2065"]
[BlackElo "2339"]
[PlyCount "108"]
[EventDate "2009.08.02"]
[EventType "swiss"]
[EventRounds "9"]
[EventCountry "ESP"]
[SourceTitle "Ajedrez en Madrid"]
[Source "lmi"]
[SourceDate "2020.06.24"]
[SourceVersion "1"]
[SourceVersionDate "2020.06.25"]
[SourceQuality "1"]

1. e4 c5 2. Nf3 d6 3. Bb5+ Bd7 4. Bxd7+ Qxd7 5. O-O Nf6 6. Re1 Nc6 7. c3 e6 8.
d4 cxd4 9. cxd4 d5 10. e5 Ne4 11. a3 Be7 12. Nbd2 Nxd2 13. Bxd2 O-O 14. Bg5
Bxg5 15. Nxg5 h6 16. Nf3 Na5 17. Qd3 Rac8 18. Rec1 Nc4 19. Rc2 Rc6 20. b3 Na5
21. Rac1 Rfc8 22. Nd2 Rxc2 23. Rxc2 Rxc2 24. Qxc2 Qb5 25. Qc8+ Kh7 26. Qc2+ g6
27. Qc7 Kg7 28. Qe7 Nc6 29. Qf6+ Kg8 30. h4 h5 31. g4 Qd3 32. gxh5 Qxd2 33.
hxg6 fxg6 34. Qxg6+ Kf8 35. Qf6+ Ke8 36. Qxe6+ Ne7 37. Qf6 Qc2 38. Qh8+ Kd7 39.
Qb8 Qd1+ 40. Kh2 Qxd4 41. Qxb7+ Ke8 42. Qb8+ Kf7 43. Kg2 Qe4+ 44. Kg1 a6 45. b4
Qxh4 46. a4 Qg4+ 47. Kf1 Qd1+ 48. Kg2 Qxa4 49. Qd6 Qc6 50. Qb8 d4+ 51. Kg3 Qg6+
52. Kf3 Qd3+ 53. Kg4 Qe4+ 54. Kg3 d3 0-1

[Event "La Pobla de Lillet op"]
[Site "La Pobla de Lillet ESP"]
[Date "2009.??.??"]
[Round "3.10"]
[White "Miralles Brugues, R."]
[Black "Simon Padros, E."]
[Result "1/2-1/2"]
[WhiteElo "2076"]
[BlackElo "2281"]
[PlyCount "23"]
[EventDate "2009.08.02"]
[EventType "swiss"]
[EventRounds "9"]
[EventCountry "ESP"]
[SourceTitle "Ajedrez en Madrid"]
[Source "lmi"]
[SourceDate "2020.06.24"]
[SourceVersion "1"]
[SourceVersionDate "2020.06.25"]
[SourceQuality "1"]

1. d4 e6 2. e4 d5 3. exd5 exd5 4. Bd3 Nc6 5. c3 Bd6 6. Ne2 Qh4 7. Na3 a6 8. Qd2
h6 9. Nf4 Nge7 10. g3 Qf6 11. Qe2 O-O 12. Nh5 1/2-1/2

[Event "La Pobla de Lillet op"]
[Site "La Pobla de Lillet ESP"]
[Date "2009.08.04"]
[Round "3.19"]
[White "Garcia Castellote, D."]
[Black "Garcia Galeote, L."]
[Result "1/2-1/2"]
[WhiteElo "1949"]
[BlackElo "2081"]
[PlyCount "47"]
[EventDate "2009.08.02"]
[EventType "swiss"]
[EventRounds "9"]
[EventCountry "ESP"]
[SourceTitle "Ajedrez en Madrid"]
[Source "lmi"]
[SourceDate "2020.06.24"]
[SourceVersion "1"]
[SourceVersionDate "2020.06.25"]
[SourceQuality "1"]

1. e4 Nc6 2. Nf3 d6 3. d4 Nf6 4. Nc3 Bg4 5. Be2 g6 6. Bg5 Bg7 7. Qd2 O-O 8.
O-O-O a6 9. Qf4 Bxf3 10. Bxf3 Nd7 11. Qe3 Qe8 12. h4 e5 13. d5 Nd4 14. h5 f5
15. hxg6 hxg6 16. Be2 f4 17. Qh3 Nxe2+ 18. Nxe2 Kf7 19. Qg4 Nf6 20. Bxf6 Kxf6
21. g3 Qc8 22. Qxc8 Raxc8 23. gxf4 Rh8 24. fxe5+ 1/2-1/2

[Event "La Pobla de Lillet op"]
[Site "La Pobla de Lillet ESP"]
[Date "2009.??.??"]
[Round "4.1"]
[White "Granero Roca, A."]
[Black "Movsziszian, K."]
[Result "1/2-1/2"]
[WhiteElo "2433"]
[BlackElo "2570"]
[PlyCount "27"]
[EventDate "2009.08.02"]
[EventType "swiss"]
[EventRounds "9"]
[EventCountry "ESP"]
[SourceTitle "Ajedrez en Madrid"]
[Source "lmi"]
[SourceDate "2020.06.24"]
[SourceVersion "1"]
[SourceVersionDate "2020.06.25"]
[SourceQuality "1"]

1. Nf3 Nf6 2. c4 g6 3. g3 Bg7 4. Bg2 O-O 5. O-O d6 6. d3 Nc6 7. Nc3 e5 8. Nd5
Nxd5 9. cxd5 Ne7 10. e4 c6 11. dxc6 Nxc6 12. Be3 f5 13. exf5 gxf5 14. Qb3+
1/2-1/2

[Event "La Pobla de Lillet op"]
[Site "La Pobla de Lillet ESP"]
[Date "2009.??.??"]
[Round "4.4"]
[White "Martinez Duany, LS."]
[Black "Oms Fuentes, L."]
[Result "1-0"]
[WhiteElo "2507"]
[BlackElo "2351"]
[PlyCount "55"]
[EventDate "2009.08.02"]
[EventType "swiss"]
[EventRounds "9"]
[EventCountry "ESP"]
[SourceTitle "Ajedrez en Madrid"]
[Source "lmi"]
[SourceDate "2020.06.24"]
[SourceVersion "1"]
[SourceVersionDate "2020.06.25"]
[SourceQuality "1"]

1. e4 c5 2. Nf3 Nc6 3. d4 cxd4 4. Nxd4 Nf6 5. Nc3 e5 6. Ndb5 h6 7. Be3 d6 8. a4
Be6 9. Nd5 Bxd5 10. exd5 Nb8 11. a5 Nbd7 12. Bxa7 Be7 13. Be2 O-O 14. O-O Nh7
15. b4 f5 16. c4 e4 17. f4 exf3 18. Bxf3 Ng5 19. Bd4 Rc8 20. Rc1 Kh8 21. a6
bxa6 22. Na7 Rc7 23. Nc6 Nxf3+ 24. Qxf3 Qe8 25. Rce1 Nb8 26. Qg3 Rg8 27. Nxe7
Rxe7 28. Qxd6 1-0

[Event "La Pobla de Lillet op"]
[Site "La Pobla de Lillet ESP"]
[Date "2009.??.??"]
[Round "4.6"]
[White "Ayza Leon, D."]
[Black "Mirzoev, A."]
[Result "0-1"]
[WhiteElo "2216"]
[BlackElo "2559"]
[PlyCount "78"]
[EventDate "2009.08.02"]
[EventType "swiss"]
[EventRounds "9"]
[EventCountry "ESP"]
[SourceTitle "Ajedrez en Madrid"]
[Source "lmi"]
[SourceDate "2020.06.24"]
[SourceVersion "1"]
[SourceVersionDate "2020.06.25"]
[SourceQuality "1"]

1. e4 d5 2. exd5 Qxd5 3. Nc3 Qa5 4. d4 Nf6 5. Bd3 Bg4 6. f3 Bf5 7. Bxf5 Qxf5 8.
Qe2 Nc6 9. Be3 e6 10. a3 Qa5 11. Qf2 Nd5 12. Bd2 O-O-O 13. Nxd5 Qxd5 14. Ne2
Nxd4 15. Nxd4 Qxd4 16. Qxd4 Rxd4 17. Bc3 Rd7 18. Ke2 Be7 19. Bd2 Bf6 20. c3 Rd5
21. Rad1 Re5+ 22. Kf2 Rb5 23. Bc1 Rd8 24. Rxd8+ Kxd8 25. Rd1+ Rd5 26. Ke2 Kd7
27. Rxd5+ exd5 28. Kd3 b5 29. b3 c5 30. Be3 c4+ 31. Kc2 a6 32. b4 h5 33. g3 Be5
34. f4 Bf6 35. h3 Ke6 36. g4 hxg4 37. hxg4 d4 38. cxd4 Kd5 39. Kc3 g6 0-1

[Event "La Pobla de Lillet op"]
[Site "La Pobla de Lillet ESP"]
[Date "2009.??.??"]
[Round "4.7"]
[White "Campos Olaya, I."]
[Black "Douriet Duany, A."]
[Result "1-0"]
[WhiteElo "2148"]
[BlackElo "2306"]
[PlyCount "81"]
[EventDate "2009.08.02"]
[EventType "swiss"]
[EventRounds "9"]
[EventCountry "ESP"]
[SourceTitle "Ajedrez en Madrid"]
[Source "lmi"]
[SourceDate "2020.06.24"]
[SourceVersion "1"]
[SourceVersionDate "2020.06.25"]
[SourceQuality "1"]

1. e4 g6 2. d4 Bg7 3. Nc3 c6 4. Nf3 d6 5. h3 Nd7 6. Bd3 e5 7. dxe5 dxe5 8. Bc4
Qe7 9. Bg5 Ngf6 10. Qd2 O-O 11. Bb3 Nc5 12. O-O a5 13. Bc4 b5 14. Bd3 Qc7 15.
Bxf6 Bxf6 16. Rfd1 Bg7 17. Qe3 Ne6 18. a4 b4 19. Nb1 Nd4 20. Nxd4 exd4 21. Qg5
f5 22. exf5 Bxf5 23. Nd2 Bxd3 24. cxd3 Rf5 25. Qg4 Qf7 26. Ne4 Rf4 27. Qe2 Bf8
28. Rdc1 Qd5 29. Qc2 c5 30. Qc4 Rd8 31. Nd2 Kg7 32. Qxd5 Rxd5 33. Nc4 Rdf5 34.
Rc2 Rf7 35. Nxa5 R4f6 36. b3 Rc6 37. Nc4 g5 38. g3 h5 39. Kg2 Rcc7 40. a5 Ra7
41. Raa2 1-0

[Event "La Pobla de Lillet op"]
[Site "La Pobla de Lillet ESP"]
[Date "2009.??.??"]
[Round "4.8"]
[White "Ayza Ballester, J."]
[Black "Blanco Sanchez, JF."]
[Result "1-0"]
[WhiteElo "2294"]
[BlackElo "2125"]
[PlyCount "83"]
[EventDate "2009.08.02"]
[EventType "swiss"]
[EventRounds "9"]
[EventCountry "ESP"]
[SourceTitle "Ajedrez en Madrid"]
[Source "lmi"]
[SourceDate "2020.06.24"]
[SourceVersion "1"]
[SourceVersionDate "2020.06.25"]
[SourceQuality "1"]

1. e4 d6 2. d4 Nf6 3. Nc3 e5 4. dxe5 dxe5 5. Qxd8+ Kxd8 6. Bg5 c6 7. Bc4 Be6 8.
Bxe6 fxe6 9. O-O-O+ Kc7 10. f3 Nbd7 11. Nge2 h6 12. Bd2 Nb6 13. b3 Ba3+ 14. Kb1
Rhf8 15. Nc1 Nh5 16. Nd3 Nd7 17. Ne2 Bd6 18. Bc3 g5 19. Rd2 Rad8 20. Rhd1 Kc8
21. Nb2 Bc7 22. Nc4 Nhf6 23. Nc1 g4 24. Nd3 gxf3 25. gxf3 Nh7 26. Ndxe5 Nxe5
27. Rxd8+ Bxd8 28. Bxe5 Ng5 29. Nd6+ Kc7 30. f4 Nf3 31. Bg7 Rxf4 32. Bxh6 Rh4
33. Bc1 Nxh2 34. Nxb7 Kxb7 35. Rxd8 Rxe4 36. Rd7+ Kb6 37. a4 Ng4 38. Bg5 a6 39.
Bd8+ Kc5 40. Be7+ Kb6 41. b4 a5 42. Bc5+ 1-0

[Event "La Pobla de Lillet op"]
[Site "La Pobla de Lillet ESP"]
[Date "2009.??.??"]
[Round "4.9"]
[White "Simon Padros, E."]
[Black "Companyo Pagerols, JM."]
[Result "0-1"]
[WhiteElo "2281"]
[BlackElo "2079"]
[PlyCount "84"]
[EventDate "2009.08.02"]
[EventType "swiss"]
[EventRounds "9"]
[EventCountry "ESP"]
[SourceTitle "Ajedrez en Madrid"]
[Source "lmi"]
[SourceDate "2020.06.24"]
[SourceVersion "1"]
[SourceVersionDate "2020.06.25"]
[SourceQuality "1"]

1. e4 e6 2. d4 d5 3. e5 c5 4. c3 Nc6 5. Nf3 Qb6 6. a3 cxd4 7. cxd4 Nh6 8. b4
Nf5 9. Be3 Bd7 10. Bd3 Be7 11. Bxf5 exf5 12. Nc3 Be6 13. O-O O-O 14. h4 h6 15.
h5 a6 16. Na4 Qa7 17. Nc5 b6 18. Nd3 Rac8 19. Qd2 Kh7 20. Nh2 Rc7 21. f4 Rfc8
22. g4 Nd8 23. Rac1 Rxc1 24. Nxc1 a5 25. Qg2 Qd7 26. g5 axb4 27. axb4 Bxb4 28.
Nd3 Qa4 29. g6+ Kg8 30. Nxb4 Qxb4 31. Kh1 Qb3 32. Bd2 Rc2 33. Rg1 f6 34. exf6
gxf6 35. Nf3 b5 36. Ra1 Ra2 37. Rc1 Qd3 38. Kh2 b4 39. Qf2 b3 40. Kg3 b2 41.
Qf1 Qxf1 42. Rxf1 Ra1 0-1

[Event "La Pobla de Lillet op"]
[Site "La Pobla de Lillet ESP"]
[Date "2009.08.05"]
[Round "4.14"]
[White "Capellades Subirana, M."]
[Black "Corrigüelas Armillas, F."]
[Result "1-0"]
[WhiteElo "2210"]
[BlackElo "2000"]
[PlyCount "101"]
[EventDate "2009.08.02"]
[EventType "swiss"]
[EventRounds "9"]
[EventCountry "ESP"]
[SourceTitle "Ajedrez en Madrid"]
[Source "lmi"]
[SourceDate "2020.06.24"]
[SourceVersion "1"]
[SourceVersionDate "2020.06.25"]
[SourceQuality "1"]

1. e4 c5 2. Nf3 d6 3. d4 cxd4 4. Nxd4 Nf6 5. Nc3 Nc6 6. Nxc6 bxc6 7. Bd3 e5 8.
O-O Be7 9. Kh1 O-O 10. f4 Qc7 11. fxe5 dxe5 12. Be3 Be6 13. Ne2 Rfd8 14. Ng3 c5
15. Qf3 c4 16. Be2 Rab8 17. b3 Bc5 18. Bxc5 Qxc5 19. Nf5 Bxf5 20. Qxf5 cxb3 21.
cxb3 Rd2 22. Rac1 Rc2 23. Rxc2 Qxc2 24. Qxe5 Re8 25. Qb5 Qxe4 26. Bf3 Qe7 27.
h3 Ne4 28. Bxe4 Qxe4 29. Qd7 Qe7 30. Qxe7 Rxe7 31. Rc1 g6 32. b4 Re2 33. a4 Rb2
34. Rc4 Kf8 35. b5 Ra2 36. Kh2 Ke8 37. Kg3 Kd7 38. h4 h5 39. Kf3 Kd6 40. Rc6+
Ke5 41. Ra6 Ra3+ 42. Kf2 Kf4 43. Rxa7 Ra2+ 44. Ke1 f5 45. b6 Rxg2 46. Rc7 Rb2
47. a5 g5 48. hxg5 h4 49. g6 h3 50. Rc4+ Kg3 51. Rc3+ 1-0

[Event "La Pobla de Lillet op"]
[Site "La Pobla de Lillet ESP"]
[Date "2009.08.05"]
[Round "4.20"]
[White "Garcia Galeote, L."]
[Black "Flores Vallcorba, J."]
[Result "1/2-1/2"]
[WhiteElo "2081"]
[BlackElo "1909"]
[PlyCount "86"]
[EventDate "2009.08.02"]
[EventType "swiss"]
[EventRounds "9"]
[EventCountry "ESP"]
[SourceTitle "Ajedrez en Madrid"]
[Source "lmi"]
[SourceDate "2020.06.24"]
[SourceVersion "1"]
[SourceVersionDate "2020.06.25"]
[SourceQuality "1"]

1. d4 f5 2. e4 d6 3. Nc3 Nf6 4. exf5 Bxf5 5. Bd3 Qc8 6. Bg5 Bxd3 7. Qxd3 Qg4 8.
Nf3 Nc6 9. O-O-O O-O-O 10. h3 Qd7 11. Rhe1 h6 12. Bf4 g5 13. Bh2 g4 14. hxg4
Qxg4 15. Bg3 h5 16. Bh4 Bg7 17. a3 e6 18. g3 Rde8 19. Bxf6 Bxf6 20. Re4 Qg7 21.
Rde1 e5 22. d5 Nd8 23. Nb5 a6 24. Nbd4 Qd7 25. Nb3 Qf7 26. Kb1 Rhf8 27. R1e3
Bg7 28. Qe2 Qxd5 29. Rd3 Qf7 30. Rc3 Nc6 31. Rxc6 bxc6 32. Qxa6+ Kd7 33. Re3
Qd5 34. Qe2 Qf7 35. Qa6 e4 36. Nfd2 Qxf2 37. Nc4 Ra8 38. Nb6+ cxb6 39. Qb7+ Ke6
40. Rxe4+ Kd5 41. Re7 Qf1+ 42. Ka2 Qc4 43. Rxg7 Rae8 1/2-1/2

[Event "La Pobla de Lillet op"]
[Site "La Pobla de Lillet ESP"]
[Date "2009.??.??"]
[Round "5.1"]
[White "Matnadze, A."]
[Black "Martinez Duany, LS."]
[Result "1/2-1/2"]
[WhiteElo "2241"]
[BlackElo "2507"]
[PlyCount "119"]
[EventDate "2009.08.02"]
[EventType "swiss"]
[EventRounds "9"]
[EventCountry "ESP"]
[SourceTitle "Ajedrez en Madrid"]
[Source "lmi"]
[SourceDate "2020.06.24"]
[SourceVersion "1"]
[SourceVersionDate "2020.06.25"]
[SourceQuality "1"]

1. d4 Nf6 2. c4 g6 3. Nf3 Bg7 4. g3 O-O 5. Bg2 d6 6. O-O Nbd7 7. Nc3 c6 8. h3
e5 9. e4 a6 10. a4 a5 11. Be3 Re8 12. Qc2 Qe7 13. Rfe1 Qf8 14. Rad1 Bh6 15. Qd2
Bxe3 16. Qxe3 Ra6 17. Re2 Rb6 18. Qd2 Kg7 19. c5 dxc5 20. dxe5 Nxe5 21. Nxe5
Rxe5 22. f4 Re8 23. e5 Nd5 24. Bxd5 cxd5 25. Nxd5 Rb3 26. Nf6 Rxg3+ 27. Rg2
Rxg2+ 28. Kxg2 Be6 29. Qxa5 Ra8 30. Qc7 c4 31. Rd6 Qc8 32. Qxc8 Rxc8 33. h4 c3
34. bxc3 Rxc3 35. Rd8 Rc8 36. Rxc8 Bxc8 37. a5 Be6 38. Kf2 Bc4 39. Ke3 Bf1 40.
Kd4 h6 41. Kc5 Bg2 42. Kd6 g5 43. hxg5 hxg5 44. fxg5 Kg6 45. Ke7 Bc6 46. Ne8
Kxg5 47. Nd6 Bd5 48. Nxf7+ Kf5 49. e6 Bxe6 50. Nd6+ Ke5 51. Nxb7 Bc4 52. Kd7
Kd5 53. Kc7 Be2 54. Kb6 Bf1 55. Nc5 Kd6 56. Nb3 Kd7 57. Kb7 Kd8 58. Nd4 Kd7 59.
Kb6 Kc8 60. Nb5 1/2-1/2

[Event "La Pobla de Lillet op"]
[Site "La Pobla de Lillet ESP"]
[Date "2009.??.??"]
[Round "5.2"]
[White "Movsziszian, K."]
[Black "Cuartas Medina, JA."]
[Result "0-1"]
[WhiteElo "2570"]
[BlackElo "2511"]
[PlyCount "86"]
[EventDate "2009.08.02"]
[EventType "swiss"]
[EventRounds "9"]
[EventCountry "ESP"]
[SourceTitle "Ajedrez en Madrid"]
[Source "lmi"]
[SourceDate "2020.06.24"]
[SourceVersion "1"]
[SourceVersionDate "2020.06.25"]
[SourceQuality "1"]

1. Nf3 d5 2. g3 Nf6 3. Bg2 c6 4. O-O Bg4 5. d3 Nbd7 6. h3 Bxf3 7. Bxf3 e6 8.
Bg2 Bc5 9. e4 dxe4 10. dxe4 O-O 11. a4 a5 12. Nd2 Qc7 13. Kh1 Rfd8 14. f4 e5
15. f5 Be3 16. Qe2 Bh6 17. Nb3 Bxc1 18. Rfxc1 Qb6 19. g4 Nc5 20. Nxc5 Qxc5 21.
g5 Ne8 22. Ra3 Rd4 23. Rd1 Rad8 24. Rad3 Rxd3 25. Rxd3 Rxd3 26. Qxd3 Nd6 27.
Bf3 Qd4 28. Kg2 Qxd3 29. cxd3 f6 30. gxf6 gxf6 31. Bd1 Kg7 32. Kf2 Kh6 33. h4
Kg7 34. Ke3 Kf8 35. Bb3 Ke7 36. Bg8 h6 37. b3 Ne8 38. d4 b6 39. d5 c5 40. Kd3
Nd6 41. Bh7 c4+ 42. bxc4 Nb7 43. Bg6 Nc5+ 0-1